000 00710nam a2200277Ia 4500
005 20260324114459.0
008 008 260324s9999 xx 000 0 eng d
020 _a9781003107286
037 _aEBOOK
040 _aCRL
040 _beng
040 _cCRL
041 _2eng
041 _aeng
084 _qCRL
100 _aMuhammad Imran Tariq; Valentina Emilia Balas; Shahzadi Tayyaba
_91150945
245 0 _aSecurity and Privacy Trends in Cloud Computing and Big Data
260 _bTaylor and Francis
260 _c2022
365 _a
365 _b180
856 _uhttp://www.taylorfrancis.com/books/9781003107286
942 _cEBOOK
999 _c1741156
_d1741156